Sports Quiz

Random Sports or City Quiz

Minor League Baseball Team Names Quiz Stats

 Plays Quiz not verified by Sporcle

Score 0/160 Timer 18:00
0 Plays Today
Minor League City Team Name % Correct
Danville, VABraves
88.5%
Gwinnett, GABraves
88.5%
(Mississippi) Pearl, MSBraves
88.5%
Rome, GABraves
88.5%
Pawtucket, RIRed Sox
86.7%
Salem, VARed Sox
86.7%
Daytona, FLCubs
84.9%
Indianapolis, INIndians
84.9%
Des Moines, IACubs
84.9%
Scaranton/Wilkes-Barre, PAYankees
84.9%
Spokane, WAIndians
84.9%
(Staten Island) St.George, NYYankees
84.9%
Tampa, FLYankees
84.9%
Binghamton, NYMets
84.2%
Kingsport, TNMets
84.2%
St. Lucie, FLMets
84.2%
Albuquerque, NMIsotopes
82.4%
Johnson City, TNCardinals
78.4%
Palm Beach, FLCardinals
78.4%
Springfield, MOCardinals
78.4%
Altoona, PACurve
77.7%
Durham, NCBulls
76.6%
Bluefield, WVBlue Jays
74.8%
Burlington, IABees
74.8%
Dunedin, FLBlue Jays
74.8%
Salt Lake City, UTBees
74.8%
(Connecticut) Norwich, CTTigers
73.7%
Louisville, KYBats
73.4%
Memphis, TNRedbirds
72.3%
Reading, PAPhillies
71.2%
(Legigh Valley) Allentown, PAIronpigs
70.9%
Peoria, ILChiefs
70.9%
Syracuse, NYChiefs
70.9%
Nashville, TNSounds
70.5%
(Potomac) Woodbridge, VANationals
70.5%
San Jose, CAGiants
70.5%
Toledo, OHMud Hens
70.1%
Hagerstown, MDSuns
69.8%
Jacksonville, FLSuns
69.8%
Lake Esinore, CAStorm
69.4%
Aberdeen, MDIronbirds
69.1%
Birmingham, ALBarons
68.7%
Chattanooga, TNLookouts
68.7%
Trenton, NJThunder
68%
Bowie, MDBaysox
67.6%
Harrisburg, PASenators
67.6%
Charlotte, NCKnights
66.9%
Las Vegas, NV51's
66.9%
Norfolk, VATides
66.9%
Columbus, OHClippers
66.5%
Tucson, AZPadres
66.5%
Burlington, NCRoyals
66.2%
Princeton, WVRays
65.5%
Round Rock, TXExpress
65.5%
Minor League City Team Name % Correct
(Arkansas) North Little Rock, ARTravelers
64.4%
Fresno, CAGrizzlies
64.4%
Montgomery, ALBiscuits
64%
New Orleans, LAZephyrs
64%
Reno, NVAces
64%
Colorado Springs, COSkySox
63.3%
Portland, MESea Dogs
62.9%
Akron, OHAeros
62.2%
Asheville, NCTourists
61.9%
Buffalo, NYBisons
61.9%
Rochester, NYRed Wings
61.9%
(Carolina) Zebulon, NCMudcats
61.5%
Lansing, MILugnuts
61.5%
Beloit, WISnappers
61.2%
Brooklyn, NYCyclones
60.4%
Frederick, MDKeys
60.4%
Bristol, VAWhite Sox
60.1%
Corpus Christi, TXHooks
60.1%
Frisco, TXRoughriders
60.1%
Grand Junction, CORockies
60.1%
Omaha, NEStorm Chasers
60.1%
Elizabethton, TNTwins
59.7%
Tulsa, OKDrillers
59.7%
Augusta, GAGreen Jackets
59.4%
(Inland Empire) San Bernadino, CA66er's
58.6%
Rancho Cucamonga, CAQuakes
58.6%
Greenville, TNAstros
57.9%
Hickory, NCCrawdads
57.9%
San Antonio, TXMissions
57.9%
Auburn, NYDoubledays
57.2%
Modesto, CANuts
57.2%
Pulaski, TNMariners
57.2%
Erie, PASeawolves
56.8%
Helena, MTBrewers
56.8%
Sacramento, CARiver Cats
56.8%
(Great Lakes) Midland, MILoons
56.5%
Yakima, WABears
56.5%
(Kane County) Geneva, ILCougars
56.1%
Bakersfield, CABlaze
55.4%
Mobile, ALBaybears
55.4%
Bowling Green,KYHotrods
55%
New Britain, CTRock Cats
55%
(West Virginia) Charleston, WVPower
55%
Fort Wayne, INTincaps
54.7%
Fort Myers, FLMiracle
54.3%
(New Hampshire) Manchester, NHFisher Cats
54%
(Northwest Arkansas) Springdale, ARNaturals
54%
Pensacola, FLBlue Wahoos
54%
Tacoma, WARainiers
53.6%
Boise, IDHawks
53.2%
Myrtle Beach, SCPelicans
53.2%
Savannah, GASand Gnats
53.2%
Huntsville, ALStars
52.9%
(West Michigan) Grand Rapids, MIWhitecaps
52.9%
Minor League City Team Name % Correct
(Delmarva) Salisbury, MDShoreBirds
52.2%
Jackson, TNGenerals
52.2%
Orem, UTOwls
52.2%
Billings, MTMustangs
51.4%
(Tennessee) Knoxville, TNSmokies
51.4%
(Hudson Valley) Wappingers Falls, NYRenegades
50.4%
Winston-Salem, NCDash
50.4%
Midland, TXRockhounds
48.9%
Dayton, OHDragons
48.2%
Ogden, UTRaptors
48.2%
Stockton, CAPorts
47.8%
Eugene, OREmeralds
46.8%
State College, PASpikes
46.8%
Brevard County, FLManatees
46.4%
Lexington, KYLegends
46.4%
Oklahoma City, OKRedhawks
46.4%
Greenville, SCDrive
46%
Batavia, NYMuckdogs
45.7%
Bradenton, FLMarauders
45.7%
(Quad Cities) Davenport, IARiver Bandits
45.7%
(Lake County) Eastlake, OHCaptains
44.2%
Lakewood, NJBlueclaws
44.2%
(Vermont) Winooski, VTLake Monsters
44.2%
Wilmington, DEBlue Rocks
43.9%
Cedar Rapids, IAKernels
43.5%
Jamestown, NYJammers
43.5%
Lancaster, CAJethawks
43.5%
Lowell, MASpinners
43.5%
Salem-Keizer, ORVolcanoes
43.5%
Greensboro, NCGrasshoppers
43.2%
Visalia, CARawhide
43.2%
Charleston, SCRiverdogs
42.8%
(High Desert) Adelanto, CAMavericks
42.8%
Everett, WAAquasox
42.1%
Lynchburg, VAHillcats
42.1%
(Wisconsin) Appleton, WITimber Rattlers
42.1%
Kannapolis, NCIntimidators
41%
Jupiter, FLHammerheads
40.3%
Lakeland, FLFlying Tigers
39.2%
Clearwater, FLThreshers
38.8%
Clinton, IALumberkings
38.5%
South Bend, INSilver Hawks
37.8%
Williamsport, PACrosscutters
37.8%
(Mahoning Valley) Niles, OHScrappers
37.1%
Idaho Falls, IDChukars
36.3%
Missoula, MTOsprey
36.3%
Charlotte, FLStone Crabs
36%
Vancouver, BCCanadians
36%
(Tri City) Troy, NYValleyCats
31.3%
Richmond, VAFlying Squirrells
27.7%
(Tri City) Pasco, WADust Devils
27%
Great Falls, MTVoyagers
25.9%

You're not logged in!

Compare scores with friends on all Sporcle quizzes.
OR
Log In

Show Comments

Extras

Top Quizzes Today


Score Distribution

Your Account Isn't Verified!

In order to create a playlist on Sporcle, you need to verify the email address you used during registration. Go to your Sporcle Settings to finish the process.

Report this User

Report this user for behavior that violates our Community Guidelines.

Details: